000 02819nam a2200469 a 4500
003 CHAP
005 20240816131516.0
007 cr ||||||a|c|a
008 101022s2010 mx r 00010 spa d
035 _a111188
040 _cCHAP
090 _aTesis
100 1 _aCortés Sánchez, Bossuet Gastón.
_928396
245 1 0 _aEstudio sinecológico de un bosque de encino en Epazoyucan, Estado de Hidlgo
_c/por Bossuet Gastón Cortés Sánchez; director Diodoro Granados Sánchez
264 1 _aChapingo, Méx. :
_bEl autor,
_c2010.
300 _a1 recurso en línea (72 páginas):
_bcuadros, figuras
336 _2rdacontent
_atexto
_btxt
337 _2rdamedia
_acomputadora
_bc
338 _2rdacarrier
_arecursos en linea
_bcr
502 _bIF
_cDICIFO
_d2010
_gLIC
520 _aEl bosque de Quercus en Epazoyucan se caracterizó a través de su composición florística, sus relaciones cuantitativas vegetales, sus factores ambientales mediante un perfil fisionómico que lo determinan. Se identificaron 47 vegetales especies distribuidas en 20 familias botanicas, donde las familias mejor representadas son: Compositae, Gramineae y Polypodiaceae. En este estudio se determinó que es una comunidad poco abierta, de tipo semiárida, predominan las plantas vasculares concentrándose en pendientes iguales o mayores de 30%. Las formas de vida existentes van desde arbustivos hasta arbóreas. Son cinco las especies que determinan la estructura de la comunidad en el siguiente orden: Quercus microphylla, Quercus mexicana, Nolina parviflora, Sedum moranense y Senecio sp. Estas especies marcan los distintos estratos: el arbóreo, dominado por Quercus microphylla y Quercus mexicana (aproximadamente de 7 metros de altura); el arbustivo donde predomina Sedum moranense y Senecio sp. y el herbáceo, con presencia de gramíneas generalmente. El bosque de Quercus se encuentra en ecotonos como el matorral crasicaule.
590 _aALEPH
_b10
_c20130110
590 _aBATCH-UPD
_b10
_c20130110
590 _aBATCH-UPD
_b10
_c20130410
590 _aBATCH-UPD
_b10
_c20130914
590 _aBATCH-UPD
_b10
_c20140324
590 _aBATCH-UPD
_b10
_c20141002
590 _aCONVERSION
_b10
_c20130109
650 1 4 _aÁrboles
_xVariedades.
_982441
650 1 4 _aBosques
_zHidalgo.
_914415
650 1 4 _aProyectos
_xEvaluación.
_992525
650 1 4 _aQuercus.
_993173
650 1 4 _aSinecología.
_9106578
700 0 _aGranados Sánchez, Diódoro
_950356
_eDirector
856 _uhttp://10.13.5.2/tesis/111188.pdf
_zDESCARGAR PDF
901 _aBK
942 _cTD
_2Clasificación Universidad Autónoma Chapingo
949 _aTesis
_bBC
_cTES
_d33724002213694
_eTS1
_gDonaciØn
_h51191
_i111188
_sb
949 _aTesis
_bBC
_cTES
_d33724002213702
_eTS2
_fc.2
_gDonaciØn
_h51192
_i111188
_sb
999 _c99530
_d99530